UBT Library

Property law : (Record no. 42215)

000 -LEADER
fixed length control field 00995cam a2200265 i 4500
001 - CONTROL NUMBER
control field 18016668
005 - DATE AND TIME OF LATEST TRANSACTION
control field 20180209034858.0
008 - FIXED-LENGTH DATA ELEMENTS--GENERAL INFORMATION
fixed length control field 140123s2014 nyuak b 001 0 eng
010 ## - LIBRARY OF CONGRESS CONTROL NUMBER
LC control number 2014003013
020 ## - INTERNATIONAL STANDARD BOOK NUMBER
International Standard Book Number 9781454823810
020 ## - INTERNATIONAL STANDARD BOOK NUMBER
International Standard Book Number 145482381X
040 ## - CATALOGING SOURCE
Original cataloging agency DLC
Language of cataloging eng
Transcribing agency DLC
Description conventions rda
041 ## - LANGUAGE CODE
Language code of text/sound track or separate title eng
042 ## - AUTHENTICATION CODE
Authentication code pcc
043 ## - GEOGRAPHIC AREA CODE
Geographic area code n-us---
080 ## - UNIVERSAL DECIMAL CLASSIFICATION NUMBER
Universal Decimal Classification number 346.7304
082 00 - DEWEY DECIMAL CLASSIFICATION NUMBER
Classification number 346.7304 AND
Edition number 23
100 1# - Rafti
Rafti 14
101 ## - Shkurtesa
Shkurtesa SHJ
245 10 - TITLE STATEMENT
Title Property law :
Statement of responsibility, etc Jerry L. Anderson, Richard M. and Anita Calkins Distinguished Professor of Law, Drake University Law School; Daniel B. Bogart, Donley and Marjorie Bollinger Chair in Real Estate Law, Dale E. Fowler School of Law at Chapman University.
504 ## - BIBLIOGRAPHY, ETC. NOTE
Bibliography, etc Includes bibliographical references and index.
906 ## - LOCAL DATA ELEMENT F, LDF (RLIN)
a 7
b cbc
c orignew
d 1
e ecip
f 20
g y-gencatlg
942 ## - ADDED ENTRY ELEMENTS (KOHA)
Source of classification or shelving scheme
Item type Books
Holdings
Withdrawn status Lost status Source of classification or shelving scheme Damaged status Not for loan Collection code Permanent location Current location Shelving location Date acquired Total Checkouts Full call number Barcode Date last seen Price effective from Koha item type
          Koleksioni i përgjithshem UBT - Lipjan UBT - Lipjan Koleksioni i përgjithshem 02/09/2018   346.7304 AND 002-2998708 02/09/2018 02/09/2018 Books
UBT Library © 2015-2024. All rights reserved University Education for Business and Technology